000 00650nam a2200229Ia 4500
005 20241216010407.0
008 180423s9999||||xx |||||||||||||| ||und||
020 _a950-701-337-7
082 _a510
_bD97
100 _aDUHALDE, MARIA ELENA Y OTRO
245 0 _aENCUENTROS CERCANOS CON LA MATEMATICA
_bAPORTES A LA EDUCACION INICIAL
250 _a2
260 _aARGENTINA
_bAIQUE GRUPO EDITOR S. A.
_c1997
300 _a247 pag
_c22 cm
341 _h0
490 _v0
_a0
505 _aREALIZACION PREPARATIVOS/EQUIPAJES/ENSEƑANZA/MATEMATICAS
541 _aC
_d11-Oct-01
650 _aCIENCIAS PURAS
856 _zCC. Puras
942 _cLIBRO
999 _c13283
_d13283